000 00970nam a2200217Ia 4500
999 _c39728
_d39728
001 6333
003 GE_BSU
005 20191002145924.0
008 181216s1939||||ge |||||||||||||| ||geo||
040 _cGE_BSU
041 _ageo
080 _a821.353.1-311.6 ბ-27
100 _aბარნოვი, ვასილ.
_94407
245 _aდიდი მოურავი გიორგი სააკაძე :
_bისტორიული რომანი სამ ნაწილად /
_c ვასილ ბარნოვი ; ალ. გვასალიას რედ-ით.
264 _aთბილისი :
_bსახელგამი ;
_c1939.
300 _a444გვ;17სმ.
653 _aდიდი მოურავი გიორგი სააკაძე
653 _aისტორიული რომანი
700 _aგვასალია, ალ.
_eრედაქტორი
_94447
942 _cBK
_2udc